000 00828nam a22002417a 4500
008 131119b xxu||||| |||| 00| 0 eng d
020 _a81-204-1286-9
024 _cAvailable
037 _cAvailable
040 _aMBSTU LBIRARY
_dMBSTU LBIRARY
082 _222
_a363.7054071 SIS
100 _aR.B.Singh ----[etal]
245 _aSustainable development of mountain environment in India and Canada.
260 _aNew Delhi
_bOxford & IBH Publications.
_c1998
300 _a25 cm.
_b345 page
_f1
_g25 cm.
600 _2Environmental movement -India and Canada.
650 _2Environmental movement -India and Canada.
700 _aR.B.Singh ----[etal]
270 _aNew Delhi
_bNew Delhi
_dIndia
365 _b1996.00
_d1996.00
942 _2ddc
_cBK
999 _c855
_d855